Представление документа в формате MARC21

Поле Инд. ПП Название Значение
Тип записи a
Библиографический уровень m
001 Контрольный номер a17b0857-e2f5-11d9-8547-008048b56a28
005 Дата корректировки 20140703135624.2
008 Кодируемые данные 050622
020 a ISBN 5-86134-124-9
c Цена, тираж 120.00
040 a Служба первич. каталог. НБ ТвГУ
041 a Код языка текста rus
080 a Индекс УДК 510.22
084 a Индекс другой классификации/Индекс ББК В126
090 x Авторский знак В74
a Полочн. индекс В126
100 1_ a Автор Вопенка Петр
245 10 a Заглавие Альтернативная теория множеств
c Ответственность Петр Вопенка ; ред. пер. Белякин Н. В. ; пер. со словац. Гамовой А. Н., Белякина Н. В.
260 0_ a Место издания Новосибирск
b Издательство Ин-т математики
c Дата издания 2004
300 a Объем 611 с.
500 a Примечание Доп. тит. л. на словац. яз.
504 a Библиография Библиогр.: с. 601-606.
583 a Действие Получение впервые 191 22.06.2005
k Исполнитель действия Дар РГГУ
583 a Действие Приписка 124 01.06.2007
k Исполнитель действия Дар РГГУ
650 a Основная рубрика Множеств теория
653 a Ключевые слова Множества
a Ключевые слова Теория множеств
700 1_ a Другие авторы Гамова А. Н.
e Роль лиц пер.
700 1_ a Другие авторы Белякин Н. В.
e Роль лиц пер., ред.
852 t Порядковый номер экземпляра 2
p Инвентарный номер 810630
p Инвентарный номер 810631
852 t Порядковый номер экземпляра 1
p Инвентарный номер 876586 150.00
863 t 00072104
863 t 00072105
888 a Бесплатные
952 p 191.2005 120.00 1 810630
p 191.2005 120.00 1 810631
p 124.2007 150.00 1 876586
c Вид литературы К рн
954 a Дата поступления на обработку 20050924
999 a Подразделение 2 Фил3
a Подразделение 2 кх.